Ennio - Kippe (lyrics) - Statistiken

Allgemein
  • Dieses Quiz wurde 133 mal gespielt
  • Das Durchschnittsergebnis liegt bei 160 aus 206
Antwortstatistiken
Antwort % Korrekt
ich
97%
Ich
97%
eh
96%
Kippe
93%
dir
92%
ein
90%
noch
90%
Deine
89%
deine
89%
in
89%
Wir
87%
wir
87%
Alle
86%
an
86%
Alles,
85%
alles
85%
Du
85%
du
85%
eine
85%
Stimme
85%
was
85%
Art,
83%
finde
83%
Zeit
83%
zu
83%
das
82%
doch
82%
nur
82%
will
82%
mit
80%
nicht
80%
nicht,
80%
bisschen
79%
es
79%
Es
79%
Geh'
79%
Geh
79%
haben
79%
nie
79%
tanzen
77%
und
77%
Und
77%
ist
76%
Ist
76%
Räumen
76%
Sag
76%
sind
76%
Augen
75%
bleiben
75%
oder
75%
passiert,
75%
hier
73%
mir
73%
mir,
73%
mir?
73%
so
73%
verrauchten
73%
viel
73%
allein,
72%
allein?
72%
gehen,
72%
ja
72%
Weiß
72%
weiß
72%
sagen
70%
deinem
69%
Kopf
69%
ob
69%
Platz
69%
träumen?
69%
Glaub',
68%
Babe
66%
muss
66%
reicht,
66%
rot,
66%
warten
66%
Hand
65%
mehr
65%
gibt
63%
heim
63%
Lippen
63%
machst
63%
meinen
63%
mich
63%
bleibt
62%
deinen
62%
Drink
62%
teilst
62%
Trau's
62%
weich,
62%
funktioniert
61%
gleich,
61%
Haaren
61%
verstecken
61%
Lieber
58%
davon,
56%
davon
56%
Hoffe,
56%
Bekomme
44%
genug
44%
laufe
37%
Keine übereinstimmenden Quizze gefunden
Verteilung der Resultate
Anzahl Personen mit jedem Resultat
Perzentil nach korrekt beantworteten Fragen
Ihre Resultats-Entwicklung
Sie haben dieses Quiz noch nicht gespielt